000 00809cam a2200265 a 4500
001 4243137
003 PILC
005 20150824074854.0
008 830516s1983 nyu 000 0beng
010 _a 83047863
020 _a0670111953
040 _aDLC
_cDLC
_dDLC
043 _an-us---
050 0 0 _aRJ 456.C9
_b.D43 1983
082 0 0 _a362.1/989237/00924
100 1 _aDeford, Frank.
245 1 0 _aAlex, the life of a child /
_cFrank Deford.
260 _aNew York :
_bViking Press,
_c1983.
300 _a196 pages ;
_c24 cm.
600 1 0 _aDeford, Alexandra,
_d1971-1980.
650 0 _aCystic fibrosis in children
_xPatients
_zUnited States
_xBiography.
650 0 _aTerminally ill children
_zUnited States
_xBiography.
906 _a7
_bcbc
_corignew
_d1
_eocip
_f19
_gy-gencatlg
942 _2lcc
_cBK
999 _c288430
_d288430